| 000 | 01039nam a22002897a 4500 | ||
|---|---|---|---|
| 001 | 5164 | ||
| 003 | FISKH | ||
| 005 | 20241108114931.0 | ||
| 008 | 241108b cb ||||| |||| 00| 0 eng d | ||
| 020 | _a9780140348101 | ||
| 040 |
_aFISKH _beng _cFISKH _dFISKH |
||
| 050 | _aPZ7.G2933 | ||
| 082 | _a813 | ||
| 100 | _aGeorge, Jean Craighead | ||
| 245 |
_aMy Side of the Mountain / _cby Jean Craighead George |
||
| 260 |
_aNew York : _bPeinguin Groups ; _c1959 . |
||
| 300 |
_a177 pages : _billustrations ; _c20 cm . |
||
| 490 | _aMy Side of the Mountain | ||
| 505 | _aT | ||
| 520 | _aA young boy relates his adventures during the year he spends living alone in the Catskill Mountains including his struggle for survival, his dependence on nature, his animal friends, and his ultimate realization that he needs human companionship. | ||
| 521 | 8 |
_a810
_bLexile |
|
| 521 | 8 |
_aT
_bRaz-plus |
|
| 650 |
_achildren's _vfiction |
||
| 700 |
_aGeorge , Jean Craighead _eillustrator |
||
| 942 |
_2ddc _cBK _n0 |
||
| 999 |
_c5164 _d5164 |
||